000 00720nam a2200229 a 4500
001 13390
003 BD-JhCC
005 20230917093551.0
008 230916b2021 bg |||| ||a| 000 0 ben d
020 _a9789848044537
035 _a(BD-JhCC)13390
040 _aBD-JhCC
_dBD-JhCC
041 _abengali
082 _a398
_bSRE 2021
100 _aস্মৃতি, শামিম আরা
245 _aগুপ্তধন:
_bমা ও ছেলের কথোপকথন /
_cশামিম আরা স্মৃতি ।
260 _aঢাকা:
_bবিশ্বসাহিত্য ভবন;
_c2021.
300 _a184 p. :
_c22 cm.
650 _amoral stories
942 _2ddc
_cBK
999 _c13390
_d13390